000 00545nam a2200217Ia 4500
003 OSt
005 20221006164628.0
006 a|||||r|||| 00| 0
007 ta
008 221006b |||||||| |||| 00| 0 eng d
024 _a1,097
037 _cTextual
040 _aFML
_cFML
_beng
041 _2eng
_aeng
100 _aJairazbhoy N A Au.
_9677940
245 0 _aOriental Influences in Western Art
260 _aMumbai
_bAsia
_c1965
300 _a340
_ccm.
942 _cTEXL
_2CC
999 _c1117903
_d1117903